<?xml version="1.0" encoding="UTF-8"?>
<record
    xmlns:xsi="http://www.w3.org/2001/XMLSchema-instance"
    xsi:schemaLocation="http://www.loc.gov/MARC21/slim http://www.loc.gov/standards/marcxml/schema/MARC21slim.xsd"
    xmlns="http://www.loc.gov/MARC21/slim">

  <leader>01000 am a22002657a 4500</leader>
  <controlfield tag="001">009735813</controlfield>
  <controlfield tag="003">OSt</controlfield>
  <controlfield tag="005">20140429155109.0</controlfield>
  <controlfield tag="008">140429s2001    xxua   frbf   001 0 eng d</controlfield>
  <datafield tag="020" ind1=" " ind2=" ">
    <subfield code="a">9780412988714</subfield>
  </datafield>
  <datafield tag="082" ind1="0" ind2="0">
    <subfield code="a">660.2842</subfield>
    <subfield code="2">22</subfield>
    <subfield code="b">MEM</subfield>
  </datafield>
  <datafield tag="245" ind1="0" ind2="0">
    <subfield code="a">Membrane handbook /</subfield>
    <subfield code="c">edited by W. S. Winston Ho and Kamalesh K. Sirkar.</subfield>
  </datafield>
  <datafield tag="260" ind1=" " ind2=" ">
    <subfield code="a">Boston, United States ;</subfield>
    <subfield code="a">Dordrecht, Netherlands ;</subfield>
    <subfield code="a">London :</subfield>
    <subfield code="b">Kluwer Academic Publishers,</subfield>
    <subfield code="c">2001</subfield>
    <subfield code="e">([Washington] :</subfield>
    <subfield code="f">Acid-Free Paper)</subfield>
  </datafield>
  <datafield tag="300" ind1=" " ind2=" ">
    <subfield code="a">xxi, 954 p.</subfield>
    <subfield code="b">ill. ;</subfield>
    <subfield code="c">26 cm.</subfield>
  </datafield>
  <datafield tag="500" ind1=" " ind2=" ">
    <subfield code="a">Index : p. 936-954.</subfield>
  </datafield>
  <datafield tag="500" ind1=" " ind2=" ">
    <subfield code="a">Copyright 1992 by Van Nostrand Reinhold.</subfield>
  </datafield>
  <datafield tag="504" ind1=" " ind2=" ">
    <subfield code="a">Includes bibliographical references.</subfield>
  </datafield>
  <datafield tag="504" ind1=" " ind2=" ">
    <subfield code="a">Bibliography : p. 932-935.</subfield>
  </datafield>
  <datafield tag="650" ind1=" " ind2="0">
    <subfield code="a">Membranes (Technology)</subfield>
    <subfield code="x">Handbooks, manuals, etc.</subfield>
    <subfield code="9">35944</subfield>
  </datafield>
  <datafield tag="653" ind1=" " ind2=" ">
    <subfield code="b">ENGCHE</subfield>
    <subfield code="c">April2014</subfield>
  </datafield>
  <datafield tag="655" ind1=" " ind2=" ">
    <subfield code="v">reading book</subfield>
    <subfield code="9">34232</subfield>
  </datafield>
  <datafield tag="700" ind1="1" ind2=" ">
    <subfield code="a">Ho, W. S. Winston,</subfield>
    <subfield code="d">1943-</subfield>
    <subfield code="e">editor.</subfield>
    <subfield code="9">35945</subfield>
  </datafield>
  <datafield tag="700" ind1="1" ind2=" ">
    <subfield code="a">Sirkar, Kamalesh K.,</subfield>
    <subfield code="d">1942-</subfield>
    <subfield code="e">editor.</subfield>
    <subfield code="9">35946</subfield>
  </datafield>
  <datafield tag="942" ind1=" " ind2=" ">
    <subfield code="2">ddc</subfield>
    <subfield code="k">660.2842 MEM</subfield>
  </datafield>
  <datafield tag="999" ind1=" " ind2=" ">
    <subfield code="c">18243</subfield>
    <subfield code="d">18215</subfield>
  </datafield>
  <datafield tag="952" ind1=" " ind2=" ">
    <subfield code="0">0</subfield>
    <subfield code="1">0</subfield>
    <subfield code="2">ddc</subfield>
    <subfield code="4">0</subfield>
    <subfield code="7">0</subfield>
    <subfield code="8">Baccah</subfield>
    <subfield code="a">MAIN</subfield>
    <subfield code="b">MAIN</subfield>
    <subfield code="c">1ST</subfield>
    <subfield code="d">2014-04-29</subfield>
    <subfield code="e">purchase</subfield>
    <subfield code="g">1350.00</subfield>
    <subfield code="l">0</subfield>
    <subfield code="o">660.2842 MEM</subfield>
    <subfield code="p">000035929</subfield>
    <subfield code="r">2025-07-15 00:00:00</subfield>
    <subfield code="v">1687.50</subfield>
    <subfield code="y">BB</subfield>
  </datafield>
</record>
